LEADER 03499nam 2200445Ia 450 001 996394085403316 005 20221108074517.0 035 $a(CKB)4940000000118996 035 $a(EEBO)2240906279 035 $a(OCoLC)ocn422781679e 035 $a(OCoLC)422781679 035 $a(EXLCZ)994940000000118996 100 $a20090707d1632 uy 0 101 0 $aeng 135 $aurbn||||a|bb| 200 10$aMr. William Shakespeares comedies, histories, and tragedies$b[electronic resource] $epublished according to the true originall copies. 205 $aThe second impression. 210 $aLondon $cPrinted by Tho. Cotes for Robert Allot, and are to be sold at his shop at the signe of the Blacke Beare in Pauls Church yard.$d1632. 215 $a[21], 303, [1], 100 [i.e. 98], [2], 69-232, 419 [ie. 319] p. $cport 300 $aColophon reads: Printed at London by Thomas Cotes, for John Smethwick, William Aspley, Richard Hawkins, Richard Meighen, and Robert Allot, 1632. 300 $aPortrait signed: Martin Droeshout Sculpsit London. 300 $aHead- and tailpieces; initials. 300 $aTwo copies of t.p. in this item, the second has "accodring" in the title. 300 $aIntroductory verses, unsigned and variously signed, I.M., L. Digges, Ben Ionson, I.M.S., Hugh Holland, 300 $aSignatures: A? *? A-Bb? Cc² a-y? aa-ccc? ddd?. 300 $aNumerous errors in paging; error in register: quire 'cc' is marked 'bb'. 300 $aReproduction of original in: New York Public Library. 327 $aThe tempest -- The tvvo gentlemen of Verona -- The merry vvives of VVindsor -- Measure for measure -- The comedie of errors -- Much adoe about nothing -- Loves labour's lost -- A midsommer nights dreame -- The merchant of Venice -- As you like it -- The taming of the shrew -- All's vvell, that ends vvell -- Tvvelfe night, or what you will -- The vvinter's tale -- The life and death of King John -- The life and death of King Richard the Second -- The first part of Henry the Fourth, with the life and death of Henry, sirnamed Hot-spurre -- The second part of Henry the Fourth, containing his death: and the coronation of King Henry the Fift -- The life of King Henry the Fift -- The first part of King Henry the Sixt -- The second part of King Henry the Sixt. vvith the death of good Duke Humfrey -- The third part of King Henry the Sixt. vvith the death of the Duke of York -- The tragedy of Richard the Third: vvith the landing of Earle RIchmond, and the battell at Bosworth Field -- The famous history of the life of King Henry the Eight -- The tragedie of Troylus and Cressida -- The tragedy of Coriolanus -- The lamentable tragedy of Titus Andronicus -- The tragedie of Romeo and Iuliet -- The life of Timon of Athens -- The tragedy of Iulius Caesar -- The tragedy of Macbeth -- The tragedy of Hamlet, prince of Denmarke -- The tragedie of King Lear -- The tragedy of Othello, the Moore of Venice -- The tragedy of Anthony and Cleopatra -- The tragedy of Cymbeline. 330 $aeebo-0103 700 $aShakespeare$b William$f1564-1616.$0132200 701 $aDigges$b Leonard$f1588-1635.$01003835 701 $aDroeshout$b Martin$fb. 1601.$01014254 701 $aHolland$b Hugh$fd. 1633.$01007429 701 $aJonson$b Ben$f1573?-1637.$0445907 801 0$bUMI 801 1$bUMI 906 $aBOOK 912 $a996394085403316 996 $aMr. William Shakespeares comedies, histories, and tragedies$92362546 997 $aUNISA